00616 2200217 4500001002100000005001700021008004100038035002500079082001100104090001800115100001700133245006700150250001100217260003500228300003700263500002700300650001800327700002500345850001200370990001600382YOGYA-0209000001758520150713103259.0 ind  a0010-020900000017585 a639.34 a639.34bUnt M aUNTUNG, Onny aMencetak cupang adu jagoanc/ Onny Untung, Bambang Eka Perkasa aCet. 1 aJakartabPenebar Swadayac2000 aviii, 120 hlm. :bilus. ;c20 cm aBibliografi : hlm. 114 aCupang (ikan) aEka Perkasa, Bambang aYOPDYOG a547-PN/P.00